000 00692nam a22001457a 4500
003 NUST
020 _a978-81-203-3444-1
082 _a519.4, BIS
100 _aBISWAL, PURNA CHANDRA
_9103705
245 _aNumerical Methods:
_bPurna Chandra Biswal
260 _aIndia
_bPHI Press
_c2008
300 _aix, 358: pages
505 _aNumber Systems and Errors (Page-1-12), Root Finding (Page-13-68),Numerical Solution of Linear System (Page-69-97),Interpolation (Page-98-147),Spline (Page-148-172),Numerical Differentiation (Page-173-177),Integration (Page-178-227),Initial Value Problem (Page-228-291),Eigenvalue (Page-292-304),Method of Weighted Residuals (Page-305-353).
942 _2ddc
_cBK
999 _c592510
_d592510